|
|
|
|
| LEADER |
01922nam a2200325 a 4500 |
| 001 |
15816 |
| 003 |
BD-DhAAL |
| 008 |
090719s1988 nyu 000 1 eng d |
| 020 |
|
|
|a 9780140123890
|
| 020 |
|
|
|a 0394561619 :
|c $18.95
|
| 020 |
|
|
|a 0394571088 (lim. ed.)
|
| 020 |
|
|
|a 014012389X
|
| 040 |
|
|
|a BD-DhAAL
|d BD-DhAAL
|
| 082 |
0 |
0 |
|a 863
|2 21
|
| 100 |
2 |
|
|a García Márquez, Gabriel,
|d 1928-
|9 40065
|
| 240 |
1 |
0 |
|a Amor en los tiempos del cólera.
|l English
|
| 245 |
1 |
0 |
|a Love in the time of cholera /
|c Gabriel García Márquez ; translated from the Spanish by Edith Grossman.
|
| 260 |
|
|
|a New York ;
|a India :
|b Penguine ;
|b Replika press,
|c 1988.
|
| 300 |
|
|
|a 348 pages ;
|c 20 cm.
|
| 500 |
|
|
|a Translation of: El amor en los tiempos del cólera.
|
| 541 |
1 |
|
|a Donated by Farhana Zahir, Assistant Professor, BRAC Business School, BRAC University
|e 00015816, 45395
|
| 600 |
2 |
0 |
|a García Márquez, Gabriel,
|d 1928-
|x Translations into English.
|9 40066
|
| 650 |
|
|
|a Colombian fiction
|y 20th century.
|9 60358
|
| 651 |
|
0 |
|a Colombia
|x Fiction.
|9 40067
|
| 852 |
4 |
|
|a Ayesha Abed Library
|j General Stacks
|
| 942 |
|
|
|2 ddc
|c BK
|
| 999 |
|
|
|c 2848
|d 2848
|
| 952 |
|
|
|0 0
|1 0
|2 ddc
|4 0
|6 863_GAR
|7 0
|9 2602
|a BRACUL
|b BRACUL
|c GEN
|d 2009-07-27
|g 472.00
|l 15
|m 110
|o 863 GAR
|p 3010015816
|r 2024-06-23
|s 2024-06-22
|t 1
|w 2009-07-27
|y BK
|
| 952 |
|
|
|0 0
|1 0
|2 ddc
|4 0
|6 863_000000000000000_GAR
|7 0
|9 43892
|a BRACUL
|b BRACUL
|c GEN
|d 2014-10-21
|e Friends Book Corner
|g 140.00
|l 6
|m 68
|o 863 GAR
|p 3010028449
|r 2026-03-03
|s 2026-01-16
|t 2
|w 2014-10-21
|y BK
|x Transferred from BIL to BRACUL on 06/06/22
|
| 952 |
|
|
|0 0
|1 0
|2 ddc
|4 0
|6 863_000000000000000_GAR
|7 0
|9 78863
|a BRACUL
|b BRACUL
|c NEW
|d 2026-03-08
|e Donated by Farhana Zahir, Assistant Professor, BRAC Business School, BRAC University
|l 2
|o 863 GAR
|p 3010045395
|q 2026-06-02
|r 2026-05-16
|s 2026-05-16
|t 3
|w 2026-03-08
|y BK
|x Donated copy received from Farhana Zahir, Assistant Professor, BRAC Business School, BRAC University on 17 February 2026; MRP₹ 599
|